Statistics for Kazakhstan First Level Subdivisions

Click here to take the quiz!

General Stats

  • This quiz has been taken 83 times
  • The average score is 10 of 18

Answer Stats

Oblys% Correct
Astana / Nur-Sultan
91%
Almaty
86%
East
82%
West
77%
North
73%
Atyrau
59%
Karaganda
55%
Aktobe
50%
Pavlodar
50%
Shymkent
45%
Akmola
36%
Mangystau
36%
Kyzylorda
36%
Kostanay
32%
Jambyl
32%
Turkistan
27%
Baikonur
27%

Score Distribution

Percentile by Number Answered

Percent of People with Each Score

Your Score History

You have not taken this quiz